La casilla de las macetas

Saved in:
Bibliografiske detaljer
Hovedforfatter: Greene, Graham (Author)
Format: Bog
Sprog:spansk
Udgivet: Buenos Aires Sur 1957
Udgivelse:1a. ed
Fag:
Tags: Tilføj Tag
Ingen Tags, Vær først til at tagge denne postø!

MARC

LEADER 00000nam a2200000 a 4500
001 UCZ9004
003 CL-VaPUC
008 960126e19570716AG |||||||||||||||||spa|d
082 0 4 |a 822  |b GRE  |2 21 
100 0 |a Greene, Graham  |e author  |9 309259 
245 1 3 |a La casilla de las macetas 
250 |a 1a. ed 
300 |a 156 p 
942 |c BK 
945 |d 19960126 00:00:00  |a rleighto 
260 |a Buenos Aires  |b Sur  |c 1957 
500 |a Traducción de Victoria Ocampo 
650 0 |a Dramas ingleses  |9 269396 
650 0 |a Teatro inglés  |9 265744 
583 |a last modification  |c 19960126 00:00:00  |k Rodrigo Vera 
999 |c 244652  |d 244650 
952 |0 0  |1 0  |4 0  |6 822_000000000000000_GRE_1957  |7 0  |8 A  |9 258799  |a BIBEDU  |b BIBEDU  |d 2019-11-19  |i 3173798  |o 822 GRE 1957  |p 3173798  |r 2019-11-19  |w 2019-11-19  |y BK  |k LIT 
952 |0 0  |1 0  |4 0  |6 822_000000000000000_GRE_1957  |7 0  |8 X  |9 258800  |a FDOBUD  |b FDOBUD  |d 2019-11-19  |i 1082019  |o 822 GRE 1957  |p 1082019  |r 2019-11-19  |w 2019-11-19  |y BK_X  |k BUD